|
|
|
|
| LEADER |
00678nam a22001937a 4500 |
| 001 |
c000114651 |
| 003 |
CARM |
| 005 |
19991214142758.0 |
| 008 |
990528s1956 enk 000 1 eng d |
| 019 |
1 |
|
|a 20087556
|5 LACONCORD2021
|
| 035 |
|
|
|a (OCoLC)30170613
|5 LACONCORD2021
|
| 040 |
|
|
|a VCAV
|b eng
|c VCAV
|
| 100 |
1 |
|
|a Usher, Gray,
|d 1903-
|
| 245 |
1 |
0 |
|a Death sped the plough /
|c Gray Usher.
|
| 260 |
|
|
|a London :
|b J. Long,
|c 1956.
|
| 300 |
|
|
|a 192 p.
|
| 852 |
8 |
|
|b CARM
|h A2:AJ37G0
|i A02555
|p 0161234
|f BK
|
| 999 |
f |
f |
|i 203ac601-3540-5dd1-a9b7-46bef36529c8
|s 33ba9491-84a9-581d-8690-476a9d5bcd50
|
| 952 |
f |
f |
|p Can circulate
|a CAVAL
|b CAVAL
|c CAVAL
|d CARM 1 Store
|e A02555
|f A2:AJ37G0
|h Other scheme
|i book
|m 0161234
|